Giải pháp nâng cao năng lực quản lý của ban điều hành hợp tác xã nông nghiệp khu vực Đồng bằng sông Cửu Long : Luận văn tốt nghiệp cao học. Chuyên ngành Quản trị kinh doanh

Nội dung luận văn nghiên cứu nhằm mục tiêu đề xuất giải pháp nâng cao năng lực quản lý của ban điều hành HTXNN khu vực ĐBSCL

Αποθηκεύτηκε σε:
Λεπτομέρειες βιβλιογραφικής εγγραφής
Κύριος συγγραφέας: Phạm, Thị Mỹ Ảnh
Μορφή: Βιβλίο
Γλώσσα:Undetermined
Έκδοση: Cần Thơ Trường Đại học Cần Thơ 2015
Θέματα:
Ετικέτες: Προσθήκη ετικέτας
Δεν υπάρχουν, Καταχωρήστε ετικέτα πρώτοι!
Thư viện lưu trữ: Trung tâm Học liệu Trường Đại học Cần Thơ
LEADER 01104nam a2200217Ia 4500
001 CTU_209539
008 210402s9999 xx 000 0 und d
082 |a 658.8 
082 |b A107 
088 |a 60340102 
100 |a Phạm, Thị Mỹ Ảnh 
245 0 |a Giải pháp nâng cao năng lực quản lý của ban điều hành hợp tác xã nông nghiệp khu vực Đồng bằng sông Cửu Long : 
245 0 |b Luận văn tốt nghiệp cao học. Chuyên ngành Quản trị kinh doanh 
245 0 |c Phạm Thị Mỹ Ảnh ; Quan Minh Nhựt (Hướng dẫn khoa học) 
260 |a Cần Thơ 
260 |b Trường Đại học Cần Thơ 
260 |c 2015 
520 |a Nội dung luận văn nghiên cứu nhằm mục tiêu đề xuất giải pháp nâng cao năng lực quản lý của ban điều hành HTXNN khu vực ĐBSCL 
650 |a Quản trị kinh doanh,Business management 
904 |i Trần Thị Hồng Ngọc (Nguyên) 
980 |a Trung tâm Học liệu Trường Đại học Cần Thơ